000 04192nam0a2200409 4500
001 RU\NLR\BIBL_A\012791378
005 20240405151609.0
010 _a978-5-86763-463-6
_980
021 _aRU
_bКН-П-22-008011
_9КН-П-22-0649
035 _a(NLR Aleph) 012791378
035 _a(RuMoRGB)010976498
090 _a13154069
_c13154069
100 _a20220518d2021 k y0rusy50 ca
101 0 _arus
_deng
102 _aRU
105 _aa z 000zy
181 0 _ai
_baxxe
182 0 _an
200 1 _aМониторинг космических осадков антарктической станции "Восток" на примере сбора микрочастиц магнетита с мая по сентябрь 2017 года
_fЮ. О. Четвериков, М. С. Глухов, В. Ф. Ежов [и др.]
203 _aТекст
_bвизуальный
_cнепосредственный
210 _aГатчина
_cНИЦ "Курчатовский институт" - ПИЯФ
_d2021
215 _a22, [1] с.
_cил., цв. ил.
_d20
225 1 _aПрепринт
_fНациональный исследовательский центр "Курчатовский институт", Петербургский институт ядерной физики им. Б. П. Константинова Национального исследовательского центра "Курчатовский институт"
_v3060
300 _aРез. на англ. яз.
320 _aБиблиогр. в конце кн. (30 назв.)
330 _aНа электронном сканирующем микроскопе исследованы частицы пыли, полученные в результате фильтрования свежевыпавшего снега, собранного с мая по сентябрь 2017 г. вблизи антарктической станции <Восток>. В коллекции пыли найдено 186 магнетитовых сферул диаметром от 2 до 70 мкм. Гистограмма распределения частиц по размерам демонстрирует плавный рост их числа по мере уменьшения размера и резкий провал числа частиц с размерами меньше 3 мкм. Собранные частицы имеют неравномерное распределение по времени с кратковременным и интенсивным пиком сбора в период 27-28 июля. Анализ собранного материала, метеорологических данных, антропогенных и естественных источников позволяет сделать вывод о вероятном метеорном происхождении магнетитовых частиц и их принадлежности к метеорному потоку Южные дельта-Аквариды. Разброс одновременно выпавших частиц по размерам позволяет высказать предположение об ускорении выпадения частиц в результате того, что они являются эффективными центрами конденсации ледяных кристаллов в стратосферных облаках
606 1 _aКосмическая пыль на Земле
_xИсследование
_xЭлектронно-микроскопические методы
_2nlr_sh2
_3RU\NLR\AUTH\6601738534
607 _aЮжные дельта-Аквариды, метеорный поток
_2nlr_sh2
_3RU\NLR\AUTH\6601738537
675 _a551.501.777(99-923.1/.2)
_v4
686 1 _aВ655.431с341.2
701 1 _aЧетвериков
_bЮ. О.
_gЮрий Олегович
701 1 _aГлухов
_bМ.С.
_gМихаил Сергеевич
701 1 _aЕжов
_bВ. Ф.
_f1948-
_gВиктор Федорович
942 _cBOOK
980 _aNB